00683nam a2200241 a 4500001001300000003000900013005001700022008004100039020000800080082001600088100002600104245001700130260005400147300000800201500003500209505001300244650001600257700002600273902000800299942000700307952011200314999001500426nice12345678IN_TiNIC20260116011739.0050524s1977 hyda grp 000 0 urd  ac400a891.41bAQE aAqeel, Aqeelur Rahman aNazr-E-Iqbal aHyderabad bMarkazi Anjuman Taleemus Salat c1977 a76p aincludes index and biblioraphy2 aAppendix aUrdu-Poetry1 aAqeel, Aqeelur Rahman bSRS cBK 001040708StackRoom-aHMIbHMId2007-06-18g4.00l0o891.41 AQEp08408r2007-06-18v4.00w2005-05-24yBK c3660d3660